{"text_format":"3","workbook":"xlsx","n_sheets":7,"sheets":["Summary","IRR","Parameter","SummaryBR","Analisa","BoQ RECTIFICATION MCP (2)","BoQ Add Material RECTIFIMCP"],"not_rendered":{"external_links":3,"defined_names":15,"comments":1},"read":"whole","date_system":"1900"}

{"sheet":"Summary","index":0,"n_rows":28,"n_cols":18,"rows_kept":28,"merged":[[5,1,5,3],[5,4,5,8],[5,9,5,13],[6,1,6,2],[6,4,6,8],[6,10,6,11],[7,1,7,2],[7,4,7,6],[7,10,7,11],[8,1,8,2],[8,4,8,6],[8,10,8,11],[9,4,9,6],[10,4,10,8],[10,10,10,11],[11,4,11,6],[11,10,11,11],[12,4,12,6],[12,10,12,11],[13,4,13,6],[13,10,13,11],[15,4,15,8],[15,10,15,11],[16,10,16,11],[17,10,17,11],[18,10,18,11],[21,11,21,12]]}
[]
[null,"No.","0013/IRR/IBC/VI/2024",{"$nulls":10},"MALL MEDAN CENTRE POINT"]
[null,null,"Product :","IBS / DAS",{"$nulls":5},"Tanggal P&L:  ",null,null,"2024-06-04"]
[null,null,"Status P&L","Extent"]
[]
[null,"Site Information",null,null,"Technical Information ",{"$nulls":4},"Financial Summary"]
[null,"Site Name",null,"Mall Medan Centre Point","IBC",{"$nulls":5},"Capex DAS",null,{"$f":"1650926985+42591502","v":{"v":1693518487,"d":"1,693,518,487"}}]
[null,"Address",null,"Medan","Antena PKS BM",null,null,218,null,null,"Capex /antenna",null,{"$f":"M7/H9","v":{"v":7027047.6639004145,"d":"7,027,048"}}]
[{"$nulls":4},"Antena Asset",null,null,{"$f":"222+19","v":241},null,null,"Contract Period (thn)",null,5]
[null,"Area building",null,"Medan","Jumlah Pole Makro",null,null,5,null,null,"Interest rate /year",null,{"$f":"[2]IRR!F3","v":{"v":0.1,"d":"10%"}}]
[null,"Type of building",null,"Mall","OPENET",{"$nulls":5},"Total Revenue",null,{"$f":"IRR!Q19","v":{"v":4907513600,"d":"4,907,513,600"}}]
[null,"Status",null,"Renewal","Cable FO (Core)",null,null,0,null,null,"Total Capex BV 31Jul24",null,{"$f":"IRR!G10","v":{"v":244254178.03770834,"d":"244,254,178"}}]
[null,"Total floor",null,7,"Cable FO (meter)",null,null,0,null,null,"Total Capex Rektifikasi",null,{"$f":"IRR!G9","v":{"v":657106399.3333334,"d":"657,106,399"}}]
[null,"No of building tower",null,1,"Drop Wire (meter)",null,null,0,null,null,"Total Opex Sewa",null,{"$f":"IRR!Q22","v":{"v":1000000000,"d":"1,000,000,000"}}]
[null,"Sitac Tahun",null,2013,{"$nulls":6},"Total Opex Other",null,{"$f":"IRR!Q23+IRR!Q24+IRR!Q25","v":{"v":1335575680,"d":"1,335,575,680"}}]
[{"$nulls":4},"OTHERS",{"$nulls":5},"IRR",null,{"$f":"IRR!F40","v":{"v":0.43028654567266544,"d":"43%"}}]
[{"$nulls":10},"NPV",null,{"$f":"IRR!F41","v":{"v":890837133.7809343,"d":"890,837,134"}}]
[{"$nulls":10},"EBITDA margin",null,{"$f":"IRR!F42","v":{"v":0.5240816693814154,"d":"52%"}},{"$nulls":4}," "]
[{"$nulls":10},"Payback (year)",null,{"$f":"IRR!F43","v":{"v":2.795567599251135,"d":"2.8"}},{"$nulls":3}," "]
[{"$nulls":5}," "]
[null,"Target Achieved by Commercial:",{"$nulls":9},"Prepared by"]
[null,"Revenue",null,": ",{"$nulls":7},"Citra Kartika"]
[{"$nulls":3},": "]
[{"$nulls":3},": "]
[]
[]
[]
[null,"Approved  by"]

{"sheet":"IRR","index":1,"n_rows":54,"n_cols":18,"rows_kept":54,"merged":[[18,4,18,5]]}
[null,"No,","0013/IRR/IBC/VI/2024",{"$nulls":13},"MALL MEDAN CENTRE POINT"]
[null,"General",{"$nulls":5},"Operator join","Rev.Change"]
[null,null,"Tax Rate",null,{"v":0.02,"d":"2%"},null,null,"2023 Tsel",{"v":-0.15,"d":"-15%"}]
[null,null,"Interest Rate",null,{"v":0.1,"d":"10%"},null,null,"2021 IOH",{"v":-0.15,"d":"-15%"}]
[null,null,"SG&A",null,{"v":0.05,"d":"5%"},"from Revenues",null,"2020 XL",{"v":-0.15,"d":"-15%"}]
[null,null,"BHPUSO",null,{"v":0,"d":"0.00%"},"from Revenues",null,"2019 SF","-"]
[]
[{"$nulls":6},"Y1","Y2","Y3","Y4","Y5","Y6","Y7","Y8","Y9","Y10"]
[null,"Total CAPEX",null,null,"DAS Rektifikasi",null,{"$f":"'BoQ RECTIFICATION MCP (2)'!I55+'BoQ Add Material RECTIFIMCP'!I22","v":{"v":657106399.3333334,"d":"657,106,399"}},0,0,0]
[{"$nulls":4},"BV 31Jul24",null,{"v":244254178.03770834,"d":"244,254,178"}]
[{"$nulls":6},2024,{"$f":"G11+1","v":2025},{"$f":"H11+1","v":2026},2027,2028,2029,2030,2031,2032,2033]
[null,"IRR Calculation",{"$nulls":3},"Year 0","Year 1","Year 2","Year 3","Year 4","Year 5","Year 6","Year 7","Year 8","Year 9","Year 10","Total"]
[null,"Months of Service",{"$nulls":4},12,12,12,12,12]
[]
[null,"Revenues"]
[null,null,"TSEL",{"$nulls":3},{"v":515280000,"d":"515,280,000"},{"$f":"G16-(G16*-I3)","v":{"v":437988000,"d":"437,988,000"}},{"$f":"H16","v":{"v":437988000,"d":"437,988,000"}},{"$f":"I16","v":{"v":437988000,"d":"437,988,000"}},{"$f":"J16","v":{"v":437988000,"d":"437,988,000"}},{"$nulls":5},{"$f":"SUM(G16:K16)","v":{"v":2267232000,"d":"2,267,232,000"}}]
[null,null,"XL",{"$nulls":3},{"v":250000000,"d":"250,000,000"},{"$f":"G17+(G17*I5)","v":{"v":212500000,"d":"212,500,000"}},{"$f":"H17","v":{"v":212500000,"d":"212,500,000"}},{"$f":"I17","v":{"v":212500000,"d":"212,500,000"}},{"v":212500000,"d":"212,500,000"},{"$nulls":5},{"$f":"SUM(G17:K17)","v":{"v":1100000000,"d":"1,100,000,000"}}]
[null,null,"IOH",{"$nulls":3},{"v":350064000,"d":"350,064,000"},{"$f":"G18+(G18*I4)","v":{"v":297554400,"d":"297,554,400"}},{"$f":"H18","v":{"v":297554400,"d":"297,554,400"}},{"$f":"I18","v":{"v":297554400,"d":"297,554,400"}},{"$f":"J18","v":{"v":297554400,"d":"297,554,400"}},{"$nulls":5},{"v":1540281600,"d":"1,540,281,600"}]
[null,"Total Revenues (SF)",{"$nulls":4},{"$f":"SUM(G16:G18)","v":{"v":1115344000,"d":"1,115,344,000"}},{"$f":"SUM(H16:H18)","v":{"v":948042400,"d":"948,042,400"}},{"$f":"SUM(I16:I18)","v":{"v":948042400,"d":"948,042,400"}},{"$f":"SUM(J16:J18)","v":{"v":948042400,"d":"948,042,400"}},{"$f":"SUM(K16:K18)","v":{"v":948042400,"d":"948,042,400"}},{"$nulls":5},{"$f":"SUM(G19:K19)","v":{"v":4907513600,"d":"4,907,513,600"}}]
[]
[null,"OPEX"]
[null,null,"Lease to BM",{"$nulls":3},{"v":1000000000,"d":"1,000,000,000"},{"$nulls":9},{"$f":"SUM(G22:K22)","v":{"v":1000000000,"d":"1,000,000,000"}}," "]
[null,null,"Electricity",{"$nulls":3},{"v":155000000,"d":"155,000,000"},{"$f":"G23","v":{"v":155000000,"d":"155,000,000"}},{"$f":"H23","v":{"v":155000000,"d":"155,000,000"}},{"$f":"I23","v":{"v":155000000,"d":"155,000,000"}},{"$f":"J23","v":{"v":155000000,"d":"155,000,000"}},{"$nulls":5},{"$f":"SUM(G23:K23)","v":{"v":775000000,"d":"775,000,000"}}]
[null,null,"Maintenance",{"$nulls":3},{"$f":"Parameter!L76","v":{"v":63040000,"d":"63,040,000"}},{"$f":"G24","v":{"v":63040000,"d":"63,040,000"}},{"$f":"H24","v":{"v":63040000,"d":"63,040,000"}},{"v":63040000,"d":"63,040,000"},{"v":63040000,"d":"63,040,000"},{"$nulls":5},{"$f":"SUM(G24:K24)","v":{"v":315200000,"d":"315,200,000"}}]
[null,null,"SG&A",{"$nulls":3},{"$f":"G19*$E$5","v":{"v":55767200,"d":"55,767,200"}},{"$f":"H19*$E$5","v":{"v":47402120,"d":"47,402,120"}},{"$f":"I19*$E$5","v":{"v":47402120,"d":"47,402,120"}},{"$f":"J19*$E$5","v":{"v":47402120,"d":"47,402,120"}},{"$f":"K19*$E$5","v":{"v":47402120,"d":"47,402,120"}},{"$nulls":5},{"v":245375680,"d":"245,375,680"}]
[null,"Total OPEX",{"$nulls":4},{"$f":"SUM(G22:G25)","v":{"v":1273807200,"d":"1,273,807,200"}},{"$f":"SUM(H22:H25)","v":{"v":265442120,"d":"265,442,120"}},{"v":265442120,"d":"265,442,120"},{"$f":"SUM(J22:J25)","v":{"v":265442120,"d":"265,442,120"}},{"v":265442120,"d":"265,442,120"},{"$nulls":5},{"$f":"SUM(Q22:Q25)","v":{"v":2335575680,"d":"2,335,575,680"}}]
[null,"Total EBITDA",{"$nulls":4},{"$f":"G19-G26","v":{"v":-158463200,"d":"(158,463,200)"}},{"$f":"H19-H26","v":{"v":682600280,"d":"682,600,280"}},{"$f":"I19-I26","v":{"v":682600280,"d":"682,600,280"}},{"v":682600280,"d":"682,600,280"},{"v":682600280,"d":"682,600,280"},{"$nulls":5},{"$f":"Q19-Q26","v":{"v":2571937920,"d":"2,571,937,920"}}]
[null,"Ebitda margin",{"$nulls":4},{"v":0,"d":"0%"},{"$f":"H27/H19","v":{"v":0.7200102864597617,"d":"72%"}},{"$f":"I27/I19","v":{"v":0.7200102864597617,"d":"72%"}},{"v":0.7200102864597617,"d":"72%"},{"v":0.7200102864597617,"d":"72%"},{"$nulls":5},{"$f":"Q27/Q19","v":{"v":0.5240816693814154,"d":"52%"}}]
[null,"Depreciation Expense",{"$nulls":4},{"$f":"G51","v":{"v":180272115.47420835,"d":"180,272,115"}},{"$f":"H51","v":{"v":180272115.47420835,"d":"180,272,115"}},{"$f":"I51","v":{"v":180272115.47420835,"d":"180,272,115"}},{"$f":"J51","v":{"v":180272115.47420835,"d":"180,272,115"}},{"$f":"K51","v":{"v":180272115.47420835,"d":"180,272,115"}},{"$nulls":5},{"$f":"SUM(G29:K29)","v":{"v":901360577.3710418,"d":"901,360,577"}}]
[null,"Total EBIT",{"$nulls":4},{"$f":"G27-G29","v":{"v":-338735315.47420835,"d":"(338,735,315)"}},{"v":502328164.52579165,"d":"502,328,165 "},{"v":502328164.52579165,"d":"502,328,165 "},{"v":502328164.52579165,"d":"502,328,165 "},{"v":502328164.52579165,"d":"502,328,165 "},{"$nulls":5},{"v":1670577342.6289582,"d":"1,670,577,343 "}]
[null,"Interest Expense",{"$nulls":4},{"$f":"Parameter!M34","v":{"v":45708841.40966667,"d":"45,708,841"}},{"$f":"Parameter!N34","v":{"v":65848471.10980001,"d":"65,848,471"}},{"$f":"Parameter!O34","v":{"v":48164228.96993334,"d":"48,164,229"}},{"$f":"Parameter!P34","v":{"v":33350319.96666667,"d":"33,350,320"}},{"$f":"Parameter!Q34","v":{"v":19878191.98,"d":"19,878,192"}},{"$nulls":5},{"$f":"SUM(G31:K31)","v":{"v":212950053.4360667,"d":"212,950,053"}}]
[null,"EBT",{"$nulls":4},{"$f":"G30-G31","v":{"v":-384444156.883875,"d":"-384,444,157"}},{"v":436479693.41599166,"d":"436,479,693"},{"v":454163935.5558583,"d":"454,163,936"},{"v":468977844.55912495,"d":"468,977,845"},{"v":482449972.5457916,"d":"482,449,973"},{"$nulls":5},{"$f":"SUM(G32:K32)","v":{"v":1457627289.1928916,"d":"1,457,627,289"}}]
[null,"Tax Expense",{"$nulls":4},{"$f":"IF(G32<0,0,G32*$E$3)","v":0},{"$f":"IF(H32<0,0,H32*$E$3)","v":{"v":8729593.868319834,"d":"8,729,594"}},{"$f":"IF(I32<0,0,I32*$E$3)","v":{"v":9083278.711117167,"d":"9,083,279"}},{"$f":"IF(J32<0,0,J32*$E$3)","v":{"v":9379556.891182499,"d":"9,379,557"}},{"$f":"IF(K32<0,0,K32*$E$3)","v":{"v":9648999.450915832,"d":"9,648,999"}},{"$nulls":5},{"$f":"SUM(G33:K33)","v":{"v":36841428.92153533,"d":"36,841,429"}}]
[null,"Net Income",{"$nulls":4},{"$f":"G32-G33","v":{"v":-384444156.883875,"d":"(384,444,157)"}},{"$f":"H32-H33","v":{"v":427750099.54767185,"d":"427,750,100 "}},{"v":445080656.84474117,"d":"445,080,657 "},{"v":459598287.66794246,"d":"459,598,288 "},{"$f":"K32-K33","v":{"v":472800973.0948758,"d":"472,800,973 "}},{"$nulls":5},{"$f":"Q32-Q33","v":{"v":1420785860.2713563,"d":"1,420,785,860 "}}]
[]
[null,"Capex",{"$nulls":4},{"$f":"-G10+-G9","v":{"v":-901360577.3710418,"d":"(901,360,577)"}},{"$f":"-I9+-I10","v":{"v":0,"d":"0 "}},{"$f":"-J9+-J10","v":{"v":0,"d":"0 "}},{"$f":"-K9+-K10","v":{"v":0,"d":"0 "}},{"$f":"-Q9+-Q10","v":{"v":0,"d":"0 "}}]
[null,"FCFF",{"$nulls":3},{"$f":"F36","v":{"v":0,"d":"0 "}},{"$f":"G36+G34+G29","v":{"v":-1105532618.7807083,"d":"(1,105,532,619)"}},{"$f":"H36+H34+H29","v":{"v":608022215.0218801,"d":"608,022,215 "}},{"v":625352772.3189495,"d":"625,352,772 "},{"v":639870403.1421509,"d":"639,870,403 "},{"$f":"K36+K34+K29","v":{"v":653073088.5690842,"d":"653,073,089 "}},{"$nulls":5},{"$f":"SUM(F37:K37)","v":{"v":1420785860.2713563,"d":"1,420,785,860 "}}]
[null,"Accumulated FCF",{"$nulls":3},{"$f":"F37","v":{"v":0,"d":"0 "}},{"$f":"F38+G37","v":{"v":-1105532618.7807083,"d":"(1,105,532,619)"}},{"$f":"G38+H37","v":{"v":-497510403.75882816,"d":"(497,510,404)"}},{"v":127842368.5601213,"d":"127,842,369 "},{"v":767712771.7022722,"d":"767,712,772 "},{"v":1420785860.2713563,"d":"1,420,785,860 "}]
[null,"PBP",{"$nulls":4},{"$f":"IF(AND(F38<0,G38>0),G44-(G38/G37),0)","v":0},{"$f":"IF(AND(G38<0,H38>0),H44-(H38/H37),0)","v":0},{"v":2.795567599251135,"d":"3"},0,0]
[null,"IRR",{"$nulls":3},{"$f":"IRR(G37:K37)","v":{"v":0.43028654567266544,"d":"43%"}}]
[null,"NPV",{"$nulls":3},{"$f":"NPV(E4,H37:K37)+G37","v":{"v":890837133.7809343,"d":"890,837,134"}}]
[null,"EBITDA margin",{"$nulls":3},{"$f":"Q28","v":{"v":0.5240816693814154,"d":"52%"}}]
[null,"Payback",{"$nulls":3},{"$f":"SUM(F39:K39)","v":{"v":2.795567599251135,"d":"2.8"}}]
[{"$nulls":6},1,2,3,4,5]
[null,"Depreciation Calculation",null,null,"no of Year depreciated",null,{"$f":"G12","v":"Year 1"},{"$f":"H12","v":"Year 2"},{"$f":"I12","v":"Year 3"},{"$f":"J12","v":"Year 4"},{"$f":"K12","v":"Year 5"}]
[{"$nulls":3},"Year 1",5,null,{"$f":"SUM(G9:G10)/$E46","v":{"v":180272115.47420835,"d":"180,272,115"}},{"$f":"G46","v":{"v":180272115.47420835,"d":"180,272,115"}},{"$f":"H46","v":{"v":180272115.47420835,"d":"180,272,115"}},{"v":180272115.47420835,"d":"180,272,115"},{"v":180272115.47420835,"d":"180,272,115"}]
[{"$nulls":3},"Year 3",4,null,null,{"$f":"I$10/$E47","v":0},null,{"$f":"H47","v":0},0]
[{"$nulls":3},"Year 4",3,{"$nulls":3},{"$f":"J$9/$E48","v":0},null,{"$f":"I48","v":0}]
[{"$nulls":3},"Year 5",2]
[{"$nulls":3},"Year 6",1]
[null,"Total Depreciation",{"$nulls":4},{"$f":"SUM(G46:G49)","v":{"v":180272115.47420835,"d":"180,272,115"}},{"$f":"SUM(H46:H49)","v":{"v":180272115.47420835,"d":"180,272,115"}},{"$f":"SUM(I46:I49)","v":{"v":180272115.47420835,"d":"180,272,115"}},{"$f":"SUM(J46:J49)","v":{"v":180272115.47420835,"d":"180,272,115"}},{"$f":"SUM(K46:K49)","v":{"v":180272115.47420835,"d":"180,272,115"}}]
[]
[]
[{"$nulls":5}," "]

{"sheet":"Parameter","index":2,"n_rows":99,"n_cols":19,"rows_kept":99,"merged":[[54,6,54,7],[67,0,68,0],[67,1,68,1],[67,2,68,2],[67,3,68,3],[67,8,68,8],[67,9,68,9],[69,0,71,0]]}
["PERHITUNGAN INTEREST EXPENSE based CAPEX"]
["Capex tahun",5,2014,{"$f":"C2+1","v":2015},{"$f":"D2+1","v":2016},2017,2018,2019,2020,2021,2022,2023,2024,{"$f":"M2+1","v":2025},{"$f":"N2+1","v":2026},{"$f":"O2+1","v":2027},{"$f":"P2+1","v":2028},2029]
[2014,"loan",{"v":492014563,"d":"492,014,563"},{"$f":"C3-C4","v":{"v":393611650.4,"d":"393,611,650"}},{"$f":"D3-C4","v":{"v":295208737.79999995,"d":"295,208,738"}},{"$f":"E3-C4","v":{"v":196805825.19999996,"d":"196,805,825"}},{"$f":"F3-C4","v":{"v":98402912.59999996,"d":"98,402,913"}},{"$f":"G3-C4","v":0},{"$f":"H3-$E$4","v":0},{"$f":"I3-$E$4","v":0},{"$nulls":7},2013,{"v":1726670811.68,"d":"1,726,670,812"}]
[null,"Installment/thn",{"$f":"C3/B2","v":{"v":98402912.6,"d":"98,402,913"}},{"$nulls":14},2014,{"v":422342499,"d":"422,342,499"}]
[null,"Interest",{"$f":"(($C$3*IRR!E4*6)/12)","v":{"v":24600728.150000002,"d":"24,600,728"}},{"$f":"AVERAGE(C3:D3)*IRR!E4","v":{"v":44281310.67,"d":"44,281,311"}},{"$f":"AVERAGE(D3:E3)*IRR!E4","v":{"v":34441019.41,"d":"34,441,019"}},{"$f":"AVERAGE(E3:F3)*IRR!E4","v":{"v":24600728.149999995,"d":"24,600,728"}},{"$f":"AVERAGE(F3:G3)*IRR!E4","v":{"v":14760436.889999999,"d":"14,760,437"}},{"$f":"AVERAGE(G3:H3)*IRR!E4","v":{"v":4920145.629999998,"d":"4,920,146"}},{"$f":"AVERAGE($H$3:$I$3)*[3]IRR!$G$4","v":0},{"$f":"AVERAGE($I$3:$J$3)*[3]IRR!$G$4","v":0},{"$nulls":7},2016,{"v":10773000,"d":"10,773,000"}]
[2015,"loan",null,{"v":2224991492.76,"d":"2,224,991,493"},{"$f":"D6-D7","v":{"v":1779993194.2080002,"d":"1,779,993,194"}},{"$f":"E6-D7","v":{"v":1334994895.6560001,"d":"1,334,994,896"}},{"$f":"F6-D7","v":{"v":889996597.1040001,"d":"889,996,597"}},{"$f":"G6-D7","v":{"v":444998298.55200005,"d":"444,998,299"}},{"$nulls":9},2017,{"v":102210600,"d":"102,210,600"}]
[null,"Installment/thn",null,{"$f":"D6/B2","v":{"v":444998298.55200005,"d":"444,998,299"}}]
[null,"Interest",null,{"$f":"((D6*IRR!E4*6)/12)","v":{"v":111249574.63800001,"d":"111,249,575"}},{"$f":"AVERAGE(D6:E6)*IRR!E4","v":{"v":200249234.34840003,"d":"200,249,234"}},{"$f":"AVERAGE(E6:F6)*IRR!E4","v":{"v":155749404.49320003,"d":"155,749,404"}},{"$f":"AVERAGE(F6:G6)*IRR!E4","v":{"v":111249574.63800001,"d":"111,249,575"}},{"$f":"AVERAGE(G6:H6)*IRR!E4","v":{"v":66749744.78280001,"d":"66,749,745"}},{"$f":"AVERAGE(H6:I6)*IRR!E4","v":{"v":44499829.85520001,"d":"44,499,830"}}]
["2016","loan",null,null,{"v":24080000,"d":"24,080,000"},{"$f":"E9-E10","v":{"v":19264000,"d":"19,264,000"}},{"$f":"F9-E10","v":{"v":14448000,"d":"14,448,000"}},{"$f":"G9-E10","v":{"v":9632000,"d":"9,632,000"}},{"$f":"H9-E10","v":{"v":4816000,"d":"4,816,000"}},{"$f":"I9-E10","v":0}]
[null,"Installment/thn",null,null,{"$f":"E9/B2","v":{"v":4816000,"d":"4,816,000"}}]
[null,"Interest",null,null,{"$f":"((E9*IRR!E4*6)/12)","v":{"v":1204000,"d":"1,204,000"}},{"$f":"AVERAGE(E9:F9)*IRR!$E$4","v":{"v":2167200,"d":"2,167,200"}},{"$f":"AVERAGE(F9:G9)*IRR!$E$4","v":{"v":1685600,"d":"1,685,600"}},{"$f":"AVERAGE(G9:H9)*IRR!$E$4","v":{"v":1204000,"d":"1,204,000"}},{"$f":"AVERAGE(H9:I9)*IRR!$E$4","v":{"v":722400,"d":"722,400"}},{"$f":"AVERAGE(I9:J9)*IRR!$E$4","v":{"v":240800,"d":"240,800"}}]
["2017","loan",{"$nulls":3},{"v":516781606,"d":"516,781,606"},{"$f":"F12-F13","v":{"v":413425284.8,"d":"413,425,285"}},{"$f":"G12-F13","v":{"v":310068963.6,"d":"310,068,964"}},{"$f":"H12-F13","v":{"v":206712642.40000004,"d":"206,712,642"}},{"$f":"I12-F13","v":{"v":103356321.20000003,"d":"103,356,321"}},{"$f":"J12-F13","v":0}]
[null,"Installment/thn",{"$nulls":3},{"$f":"F12/B2","v":{"v":103356321.2,"d":"103,356,321"}}]
[null,"Interest",{"$nulls":3},{"$f":"((F12*IRR!E4*6)/12)","v":{"v":25839080.3,"d":"25,839,080"}},{"$f":"AVERAGE(F12:G12)*IRR!$E$4","v":{"v":46510344.54,"d":"46,510,345"}},{"$f":"AVERAGE(G12:H12)*IRR!$E$4","v":{"v":36174712.42000001,"d":"36,174,712"}},{"$f":"AVERAGE(H12:I12)*IRR!$E$4","v":{"v":25839080.300000004,"d":"25,839,080"}},{"$f":"AVERAGE(I12:J12)*IRR!$E$4","v":{"v":15503448.180000005,"d":"15,503,448"}},{"$f":"AVERAGE(J12:K12)*IRR!$E$4","v":{"v":5167816.060000002,"d":"5,167,816"}}]
[2018,"loan",{"$nulls":4},{"v":83627240,"d":"83,627,240"},{"$f":"G15-G16","v":{"v":66901792,"d":"66,901,792"}},{"$f":"H15-G16","v":{"v":50176344,"d":"50,176,344"}},{"$f":"I15-G16","v":{"v":33450896,"d":"33,450,896"}},{"$f":"J15-G16","v":{"v":16725448,"d":"16,725,448"}},{"$f":"K15-G16","v":0}]
[null,"Installment/thn",{"$nulls":4},{"$f":"G15/B2","v":{"v":16725448,"d":"16,725,448"}}]
[null,"Interest",{"$nulls":4},{"$f":"((G15*IRR!E4*6)/12)","v":{"v":4181362,"d":"4,181,362"}},{"$f":"AVERAGE(G15:H15)*IRR!$E$4","v":{"v":7526451.600000001,"d":"7,526,452"}},{"$f":"AVERAGE(H15:I15)*IRR!$E$4","v":{"v":5853906.800000001,"d":"5,853,907"}},{"$f":"AVERAGE(I15:J15)*IRR!$E$4","v":{"v":4181362,"d":"4,181,362"}},{"$f":"AVERAGE(J15:K15)*IRR!$E$4","v":{"v":2508817.2,"d":"2,508,817"}},{"$f":"AVERAGE(K15:L15)*IRR!$E$4","v":{"v":836272.4,"d":"836,272"}}]
[2019,"loan",{"$nulls":5},{"v":7396000,"d":"7,396,000"},{"$f":"H18-H19","v":{"v":5916800,"d":"5,916,800"}},{"$f":"I18-H19","v":{"v":4437600,"d":"4,437,600"}},{"$f":"J18-H19","v":{"v":2958400,"d":"2,958,400"}},{"$f":"K18-H19","v":{"v":1479200,"d":"1,479,200"}},{"$f":"L18-H19","v":0}]
[null,"Installment/thn",{"$nulls":5},{"$f":"H18/B2","v":{"v":1479200,"d":"1,479,200"}}]
[null,"Interest",{"$nulls":5},{"$f":"((H18*IRR!E4*6)/12)","v":{"v":369800,"d":"369,800"}},{"$f":"AVERAGE(H18:I18)*IRR!$E$4","v":{"v":665640,"d":"665,640"}},{"$f":"AVERAGE(I18:J18)*IRR!$E$4","v":{"v":517720,"d":"517,720"}},{"$f":"AVERAGE(J18:K18)*IRR!$E$4","v":{"v":369800,"d":"369,800"}},{"$f":"AVERAGE(K18:L18)*IRR!$E$4","v":{"v":221880,"d":"221,880"}},{"$f":"AVERAGE(L18:M18)*IRR!$E$4","v":{"v":73960,"d":"73,960"}}]
[2020,"loan",{"$nulls":6},{"v":152855212,"d":"152,855,212"},{"$f":"I21-I22","v":{"v":122284169.6,"d":"122,284,170"}},{"$f":"J21-I22","v":{"v":91713127.19999999,"d":"91,713,127"}},{"$f":"K21-I22","v":{"v":61142084.79999999,"d":"61,142,085"}},{"$f":"L21-I22","v":{"v":30571042.39999999,"d":"30,571,042"}},{"$f":"M21-I22","v":0}]
[null,"Installment/thn",{"$nulls":6},{"$f":"I21/B2","v":{"v":30571042.4,"d":"30,571,042"}}]
[null,"Interest",{"$nulls":6},{"$f":"((I21*IRR!E4*6)/12)","v":{"v":7642760.600000001,"d":"7,642,761"}},{"$f":"AVERAGE(I21:J21)*IRR!$E$4","v":{"v":13756969.080000002,"d":"13,756,969"}},{"$f":"AVERAGE(J21:K21)*IRR!$E$4","v":{"v":10699864.84,"d":"10,699,865"}},{"$f":"AVERAGE(K21:L21)*IRR!$E$4","v":{"v":7642760.599999999,"d":"7,642,761"}},{"$f":"AVERAGE(L21:M21)*IRR!$E$4","v":{"v":4585656.359999999,"d":"4,585,656"}},{"$f":"AVERAGE(M21:N21)*IRR!$E$4","v":{"v":1528552.1199999996,"d":"1,528,552"}}]
[2021,"loan",{"$nulls":7},{"v":134178101.65999997,"d":"134,178,102"},{"$f":"J24-J25","v":{"v":107342481.32799998,"d":"107,342,481"}},{"$f":"K24-J25","v":{"v":80506860.99599999,"d":"80,506,861"}},{"$f":"L24-J25","v":{"v":53671240.664,"d":"53,671,241"}},{"$f":"M24-J25","v":{"v":26835620.332000002,"d":"26,835,620"}},{"$f":"N24-J25","v":0}]
[null,"Installment/thn",{"$nulls":7},{"$f":"J24/B2","v":{"v":26835620.331999995,"d":"26,835,620"}}]
[null,"Interest",{"$nulls":7},{"$f":"((J24*IRR!E4*6)/12)","v":{"v":6708905.083,"d":"6,708,905"}},{"$f":"AVERAGE(J24:K24)*IRR!$E$4","v":{"v":12076029.149399998,"d":"12,076,029"}},{"$f":"AVERAGE(K24:L24)*IRR!$E$4","v":{"v":9392467.116199998,"d":"9,392,467"}},{"$f":"AVERAGE(L24:M24)*IRR!$E$4","v":{"v":6708905.083000001,"d":"6,708,905"}},{"$f":"AVERAGE(M24:N24)*IRR!$E$4","v":{"v":4025343.0497999997,"d":"4,025,343"}},{"$f":"AVERAGE(N24:O24)*IRR!$E$4","v":{"v":1341781.0166000002,"d":"1,341,781"}}]
[2023,"loan",{"$nulls":9},{"v":16500000,"d":"16,500,000"},{"$f":"L27-L28","v":{"v":13200000,"d":"13,200,000"}},{"$f":"M27-L28","v":{"v":9900000,"d":"9,900,000"}},{"$f":"N27-L28","v":{"v":6600000,"d":"6,600,000"}},{"$f":"O27-L28","v":{"v":3300000,"d":"3,300,000"}},{"$f":"P27-L28","v":0}]
[null,"Installment/thn",{"$nulls":9},{"$f":"L27/B2","v":{"v":3300000,"d":"3,300,000"}}]
[null,"Interest",{"$nulls":9},{"$f":"((L27*IRR!E4*6)/12)","v":{"v":825000,"d":"825,000"}},{"$f":"AVERAGE(L27:M27)*IRR!$E$4","v":{"v":1485000,"d":"1,485,000"}},{"$f":"AVERAGE(M27:N27)*IRR!$E$4","v":{"v":1155000,"d":"1,155,000"}},{"$f":"AVERAGE(N27:O27)*IRR!$E$4","v":{"v":825000,"d":"825,000"}},{"$f":"AVERAGE(O27:P27)*IRR!$E$4","v":{"v":495000,"d":"495,000"}},{"$f":"AVERAGE(P27:Q27)*IRR!$E$4","v":{"v":165000,"d":"165,000"}}]
[2024,"loan",{"$nulls":10},{"$f":"IRR!G9","v":{"v":657106399.3333334,"d":"657,106,399"}},{"$f":"M30-M31","v":{"v":525685119.4666667,"d":"525,685,119"}},{"$f":"N30-M31","v":{"v":394263839.6,"d":"394,263,840"}},{"$f":"O30-M31","v":{"v":262842559.73333335,"d":"262,842,560"}},{"$f":"P30-M31","v":{"v":131421279.86666667,"d":"131,421,280"}},{"$f":"Q30-M31","v":0}]
[null,"Installment/thn",{"$nulls":10},{"$f":"M30/B2","v":{"v":131421279.86666667,"d":"131,421,280"}}]
[null,"Interest",{"$nulls":10},{"$f":"((M30*IRR!E4*6)/12)","v":{"v":32855319.96666667,"d":"32,855,320"}},{"$f":"AVERAGE(M30:N30)*IRR!$E$4","v":{"v":59139575.94000001,"d":"59,139,576"}},{"$f":"AVERAGE(N30:O30)*IRR!$E$4","v":{"v":45997447.95333334,"d":"45,997,448"}},{"$f":"AVERAGE(O30:P30)*IRR!$E$4","v":{"v":32855319.96666667,"d":"32,855,320"}},{"$f":"AVERAGE(P30:Q30)*IRR!$E$4","v":{"v":19713191.98,"d":"19,713,192"}},{"$f":"AVERAGE(Q30:R30)*IRR!$E$4","v":{"v":6571063.993333334,"d":"6,571,064"}}]
[]
[null,"Interest Exp",{"$f":"C5+C8+C11+C14+C17+C20+C23+C26+C29+C32","v":{"v":24600728.150000002,"d":"24,600,728"}},{"v":155530885.30800003,"d":"155,530,885"},{"v":235894253.75840002,"d":"235,894,254"},{"v":208356412.94320005,"d":"208,356,413"},{"v":178387318.06800002,"d":"178,387,318"},{"v":116944854.43280002,"d":"116,944,854"},{"v":85223617.5552,"d":"85,223,618"},{"v":40909204.343,"d":"40,909,204"},{"v":30822327.249399997,"d":"30,822,327"},{"v":18918380.116199996,"d":"18,918,380"},{"$f":"M5+M8+M11+M14+M17+M20+M23+M26+M29+M32","v":{"v":45708841.40966667,"d":"45,708,841"}},{"v":65848471.10980001,"d":"65,848,471"},{"v":48164228.96993334,"d":"48,164,229"},{"v":33350319.96666667,"d":"33,350,320"},{"v":19878191.98,"d":"19,878,192"},{"$f":"R5+R8+R11+R14+R17+R20+R23+R26+R29+R32","v":{"v":6573079.993333334,"d":"6,573,080"}}]
[]
[]
["PERHITUNGAN SG&A"]
["Untuk IBC","Start tahun pertama ",{"v":50000000,"d":"50,000,000"}]
["Untuk Opennet","Start tahun pertama ",{"v":20000000,"d":"20,000,000"}]
["Untuk IBC Ext","tiap tahun = Rev x 5%"]
["Untuk Opennet Ext","tiap tahun = Rev x 5%"]
[]
["SG&A",{"$f":"C38","v":{"v":50000000,"d":"50,000,000"}},{"$f":"B43+C44","v":{"v":51000000,"d":"51,000,000"}},{"$f":"C43+D45","v":{"v":52020000,"d":"52,020,000"}},{"$f":"D43+E45","v":{"v":53060400,"d":"53,060,400"}},{"v":54121608,"d":"54,121,608"},{"v":55204040.16,"d":"55,204,040"},{"v":56308120.963199995,"d":"56,308,121"},{"v":57434283.38246399,"d":"57,434,283"},{"v":58582969.05011327,"d":"58,582,969"},{"v":59754628.43111553,"d":"59,754,628"}]
[{"v":0.02,"d":"2%"},null,{"$f":"C45","v":{"v":1000000,"d":"1,000,000"}},{"$f":"C44+D45","v":{"v":2020000,"d":"2,020,000"}},{"$f":"D44+E45","v":{"v":3060400,"d":"3,060,400"}},{"v":4121608,"d":"4,121,608"},{"v":5204040.16,"d":"5,204,040"},{"v":6308120.9632,"d":"6,308,121"},{"v":7434283.382464,"d":"7,434,283"},{"v":8582969.05011328,"d":"8,582,969"},{"v":9754628.431115545,"d":"9,754,628"}]
[null,null,{"$f":"B43*$A$44","v":{"v":1000000,"d":"1,000,000"}},{"v":1020000,"d":"1,020,000"},{"v":1040400,"d":"1,040,400"},{"v":1061208,"d":"1,061,208"},{"v":1082432.16,"d":"1,082,432"},{"v":1104080.8032,"d":"1,104,081"},{"v":1126162.419264,"d":"1,126,162"},{"v":1148685.6676492798,"d":"1,148,686"},{"v":1171659.3810022655,"d":"1,171,659"}]
[]
[]
["PERHITUNGAN MAINTENANCE (PM,CM,WT)"]
["PM by Vendor"]
["CM by Vendor/Inhouse"]
["WT by Inhouse"]
["WT New by Vendor/Operator"]
["MAINTENANCE  = (PM + CM + WT New + WT by Inhouse )"]
[]
["PM","PM/Year/Site",null,"CM","CM /Year/Oprt",null,"WT New by Vendor/Operator",null,null,"Pesawat","Tiket PP"]
["Sulut",{"v":16800000,"d":"16,800,000"},null,"All",{"v":7000000,"d":"7,000,000"},null,"Jawa/Bali",{"v":10000000,"d":"10,000,000"},null,"Sulut",{"v":4000000,"d":"4,000,000"}]
["Makasar",{"$nulls":5},"Pekanbaru",{"v":12000000,"d":"12,000,000"},null,"Makasar",{"v":3000000,"d":"3,000,000"}]
["Bali",{"v":15600000,"d":"15,600,000"},{"$nulls":4},"Sumut",{"v":14000000,"d":"14,000,000"},null,"Bali",{"v":2500000,"d":"2,500,000"}]
["Jatim",{"v":15000000,"d":"15,000,000"},{"$nulls":4},"Sulsel",{"v":14000000,"d":"14,000,000"},null,"Jatim",{"v":2000000,"d":"2,000,000"}]
["Jateng",{"v":15000000,"d":"15,000,000"},{"$nulls":4},"Sulut",{"v":17000000,"d":"17,000,000"},null,"Jateng",{"v":1850000,"d":"1,850,000"}]
["Jabar",{"v":12000000,"d":"12,000,000"},{"$nulls":4},"Kalimantan",{"v":14000000,"d":"14,000,000"},null,"Jabar",{"v":1200000,"d":"1,200,000"}]
["Kalimantan",{"v":16800000,"d":"16,800,000"},{"$nulls":7},"Kalimantan",{"v":2000000,"d":"2,000,000"}]
["Sumatera",{"v":15720000,"d":"15,720,000"},{"$nulls":7},"Sumatera",{"v":3500000,"d":"3,500,000"}]
["Palembang",{"$nulls":8},"Palembang",{"v":2800000,"d":"2,800,000"}]
["Jabodetabek",0]
[]
[]
["WT by Inhouse","Keterangan","Nilai","Diisikan","person","trip","kamar","Days by Omni","Biaya walktest inhouse/visit","Biaya walktest inhouse/thn"]
[{"$nulls":4},1,1,1,{"$f":"Summary!H9","v":241}]
["Transport","Pesawat",{"$f":"K63","v":{"v":3500000,"d":"3,500,000"}},"person",{"$f":"E69","v":1},{"$nulls":3},{"$f":"E70*C70","v":{"v":3500000,"d":"3,500,000"}}]
[null,"Bandara",{"v":600000,"d":"600,000"},"person",{"$f":"E69","v":1},{"$nulls":3},{"$f":"C71*E71","v":{"v":600000,"d":"600,000"}}]
[null,"Transport",{"v":200000,"d":"200,000"},"Trip",null,{"$f":"F69","v":1},null,null,{"$f":"F72*C72","v":{"v":200000,"d":"200,000"}}]
["Hotel","Hotel",{"v":450000,"d":"450,000"},"kamar",{"$f":"E69","v":1},null,{"$f":"G69","v":1},{"$f":"IF($H$69<=120,2,IF($H$69>220,4,3))","v":4},{"$f":"G73*C73*H73","v":{"v":1800000,"d":"1,800,000"}}]
["Uang Saku","Uang Saku",{"v":120000,"d":"120,000"},"person",{"$f":"E69","v":1},null,null,{"$f":"IF($H$69<=120,2,IF($H$69>220,4,3))","v":4},{"$f":"H74*C74*E74","v":{"v":480000,"d":"480,000"}}]
[{"$nulls":8},{"$f":"SUM(I70:I74)","v":{"v":6580000,"d":"6,580,000"}},{"$f":"I75*2","v":{"v":13160000,"d":"13,160,000"}},"2X Visit"]
[{"$nulls":9},{"$f":"I75*4","v":{"v":26320000,"d":"26,320,000"}},"4X Visit",{"$f":"J76+B63+E56*3","v":{"v":63040000,"d":"63,040,000"}}]
[]
[]
[]
["LISTRIK"]
[]
["LISTRIK"]
["Listrik/Oprt/year DAS+1Pole 3sektor"]
["0-100",{"v":36000000,"d":"36,000,000"}]
["101-200",{"v":42000000,"d":"42,000,000"}]
["201-",{"v":48000000,"d":"48,000,000"}]
[]
["Listrik/Oprt/year  DAS+2Pole 6sektor"]
["0-200",{"v":75000000,"d":"75,000,000"}]
["201-",{"v":95000000,"d":"95,000,000"}]
[]
[]
["CAPEX CME"]
[]
["Additional CME BTS indoor  + Pole",null,{"v":150000000,"d":"150,000,000"}]
["Additional CME BTS Indoor + 2 Pole",null,{"v":200000000,"d":"200,000,000"}]
["Additional CME BTS Outdoor  + 1 Pole",null,{"v":85000000,"d":"85,000,000"}]
["Additional CME BTS Outdoor  + 2 Pole",null,{"v":150000000,"d":"150,000,000"}]
["Additional CME 1Pole",null,{"v":50000000,"d":"50,000,000"}]

{"sheet":"SummaryBR","index":3,"n_rows":20,"n_cols":4,"rows_kept":20,"merged":[[8,0,9,0],[8,1,9,1],[8,2,9,2],[8,3,9,3],[13,0,14,0],[19,2,19,3]]}
[null,null,"SUMMARY REVIEW"]
[]
["Nama Site                   ",null,"Mall Medan Centre Point"]
["Nama Pemilik           "]
["Alamat Pemilik       "]
["Telp                           ",null,":  024-8413377"]
["Obyek Sewa             ",null,"218 Omni +5 Unit Pole Antenna + RBS 45 m²"]
[]
["No. ","Keterangan","Existing","Renewal"]
[]
["1.","Scope Of Lease","IBC","IBC"]
["2.","Obyek Sewa","218 Omni +5 Unit Pole Antenna + RBS 45 m²","218 Omni +5 Unit Pole Antenna + RBS 45 m²"]
["3.","Periode Sewa","11 Aug 2019 s/d 10 Aug  2024","11 Aug 24 s/d 10 Aug 29"]
[4,"Harga Sewa","1.000.000.000/5thn","1.000.000.000/5thn"]
[null,null,"200.000.000/th","200.000.000/th"]
[5,"Operator Join","Telkomsel (1 Jan2020 - 31Des24)","Telkomsel (1 Jan2020 - 31Des24)"]
[null,null,"IOH-Isat ( 8 Apr20 sd 7 Apr 25)","IOH-Isat ( 8 Apr20 sd 7 Apr 25)"]
[null,null,"XL (25 Jun 2020 sd  - 24 Sep 2025)","XL (25 Jun 2020 sd  - 24 Sep 2025)"]
[null,null,"H3I  1Jan19 sd 14Mar 22"]
["6.","Kenaikan/ Penurunan Harga","Tetap"]

{"sheet":"Analisa","index":4,"n_rows":21,"n_cols":6,"rows_kept":21,"merged":[[1,0,1,5]]}
[]
["SITE Medan Centre Point"]
["Periode ","Start","End"]
["Rev Tsel","2020-01-01","2024-12-31"]
["Rev IOH","2020-04-08","2025-04-07"]
["Rev XL","2020-06-25","2025-09-24"]
["Sewa BM","2024-08-11","2029-08-10"]
[]
[null,"Start","End","Days"]
["Optimis>> Jika Sewa BM diperpanjang 5 tahun dan Operator mengikutinya , maka:"]
["Rev Tsel","2024-08-11","2029-08-10",{"$f":"C11-B11","v":{"v":1825,"d":"1,825"}},{"v":515280000,"d":"515,280,000/thn"},{"$f":"E11/365*D11","v":{"v":2576400000,"d":"2,576,400,000"}}]
["Rev IOH","2024-08-11","2029-08-10",{"$f":"C12-B12","v":{"v":1825,"d":"1,825"}},{"v":350064000,"d":"350,064,000/thn"},{"$f":"E12/365*D12","v":{"v":1750320000,"d":"1,750,320,000"}}]
["Rev XL","2024-08-11","2029-08-10",{"v":1825,"d":"1,825"},{"v":250000000,"d":"250,000,000/thn"},{"$f":"E13/365*D13","v":{"v":1250000000,"d":"1,250,000,000"}}]
["Listrik Tsel","2024-08-11","2029-08-10",{"v":1825,"d":"1,825"},{"$f":"155000000/2","v":{"v":77500000,"d":"77,500,000/thn"}},{"$f":"-E14/365*D14","v":{"v":-387500000,"d":"(387,500,000)"}}]
["Listrik IOH","2024-08-11","2029-08-10",{"v":1825,"d":"1,825"},{"$f":"155000000/2","v":{"v":77500000,"d":"77,500,000/thn"}},{"$f":"-E15/365*D15","v":{"v":-387500000,"d":"(387,500,000)"}}]
["Sewa BM ","2024-08-11","2029-08-10",{"v":1825,"d":"1,825"},{"v":200000000,"d":"200,000,000/thn"},{"$f":"-E16/365*D16","v":{"v":-1000000000,"d":"(1,000,000,000)"}}]
["OM Tsel","2024-08-11","2029-08-10",{"v":1825,"d":"1,825"},{"$f":"63040000/3","v":{"v":21013333.333333332,"d":"21,013,333/thn"}},{"$f":"-E17/365*D17","v":{"v":-105066666.66666666,"d":"(105,066,667)"}}]
["OM IOH","2024-08-11","2029-08-10",{"v":1825,"d":"1,825"},{"$f":"63040000/3","v":{"v":21013333.333333332,"d":"21,013,333/thn"}},{"v":-105066666.66666666,"d":"(105,066,667)"}]
["OM XL","2024-08-11","2029-08-10",{"v":1825,"d":"1,825"},{"v":21013333.333333332,"d":"21,013,333/thn"},{"v":-105066666.66666666,"d":"(105,066,667)"}]
["Antisipasi Add Capex and Pole",{"$nulls":3},{"v":100000000,"d":"100,000,000/pole"}]
["Profit",{"$nulls":4},{"$f":"SUM(F11:F20)","v":{"v":3486520000.0000005,"d":"3,486,520,000"}}]

{"sheet":"BoQ RECTIFICATION MCP (2)","index":5,"n_rows":62,"n_cols":10,"rows_kept":62,"merged":[[0,1,0,6],[1,1,1,6]]}
[null,"BOQ - RECTIFICATION,MEDAN CENTER POIN"]
[null,"Date: 24 Maret 2024"]
[null,"PT. Infrastruktur Bisnis Sejahtera"]
[]
[null,"NO.","ITEM WORK","UoM","Volume","UNIT PRICE MATERIAL","UNIT PRICE JASA","UNIT PRICE MATERIAL+JASA","TOTAL PRICE","REMARKS"]
[null,"I.","RF"]
[null,"A","ANTENNAS (LOW PIM)"]
[null,1,"Omnidirectional Antenna 698-2700 MHz Gain min 5dBi / 360 deg, N-Female Connector with pigtail","PCS",19,{"v":235000,"d":"Rp235,000"},{"v":20000,"d":"Rp20,000"},{"$f":"F8+G8","v":{"v":255000,"d":"Rp255,000"}},{"$f":"E8*H8","v":{"v":4845000,"d":"Rp4,845,000"}}]
[null,"B","POWER SPLITTERS (LOW PIM)"]
[null,1,"Multiband 2-way power splitter with wall mounting bracket, 200W, N-female connectors, 698-2700 MHz ","PCS",23,{"v":290000,"d":"Rp290,000"},{"v":20000,"d":"Rp20,000"},{"$f":"F10+G10","v":{"v":310000,"d":"Rp310,000"}},{"$f":"E10*H10","v":{"v":7130000,"d":"Rp7,130,000"}}]
[null,2,"Multiband 3-way power splitter with wall mounting bracket, 200W, N-female connectors, 698-2700 MHz ","PCS",28,{"v":300000,"d":"Rp300,000"},{"v":20000,"d":"Rp20,000"},{"v":320000,"d":"Rp320,000"},{"$f":"E11*H11","v":{"v":8960000,"d":"Rp8,960,000"}}]
[null,3,"Multiband 4-way power splitter with wall mounting bracket, 200W, N-female connectors, 698-2700 MHz ","PCS",18,{"v":340000,"d":"Rp340,000"},{"v":20000,"d":"Rp20,000"},{"v":360000,"d":"Rp360,000"},{"$f":"E12*H12","v":{"v":6480000,"d":"Rp6,480,000"}}]
[null,"C","COMBINER & POI (LOW PIM)"]
[null,1,"Quadplexer 790-960MHz (Port 1), 1710-1880 (Port 2), 1920-2170 (Port 2) 2300-2700 (Port 3) , Low PIM & Low Insertion Loss, 300-500 Watt per-port, 698-2700 MHz (DIN TYPE)","PCS",6,{"v":8500000,"d":"Rp8,500,000"},{"v":20000,"d":"Rp20,000"},{"$f":"F14+G14","v":{"v":8520000,"d":"Rp8,520,000"}},{"$f":"E14*H14","v":{"v":51120000,"d":"Rp51,120,000"}},"* support Combining Telkomsel"]
[null,2,"Dualband Combiner / Diplexer DCS-WCDMA, max Insertion loss -3 dB, 300-500 Watt per-port DIN type","PCS",1,{"v":6000000,"d":"Rp6,000,000"},{"v":20000,"d":"Rp20,000"},{"v":6020000,"d":"Rp6,020,000"},{"$f":"E15*H15","v":{"v":6020000,"d":"Rp6,020,000"}},"* Support Combining IOH"]
[null,"D","CONNECTORS (LOW PIM)"]
[null,1,"N-male connector for 1/2\" feeder cable 800-3000 MHz","PCS",16,{"v":67200,"d":"Rp67,200"},{"v":20000,"d":"Rp20,000"},{"$f":"F17+G17","v":{"v":87200,"d":"Rp87,200"}},{"$f":"E17*H17","v":{"v":1395200,"d":"Rp1,395,200"}}]
[null,2,"N-Female connector for 7/8\" feeder cable 800-3000 MHz","PCS",86,{"v":103950,"d":"Rp103,950"},{"v":20000,"d":"Rp20,000"},{"v":123950,"d":"Rp123,950"},{"v":10659700,"d":"Rp10,659,700"}]
[null,3,"N-Female connector for 1 1/4\" feeder cable 800-5000 MHz","PCS",8,{"v":210000,"d":"Rp210,000"},{"v":20000,"d":"Rp20,000"},{"v":230000,"d":"Rp230,000"},{"v":1840000,"d":"Rp1,840,000"}]
[null,"E","JUMPER CABLES (LOW PIM)"]
[null,1,"1m 1/2\" superflexible jumper cable with N-male and N-female connector 800-3000 MHz (NM-NM)","PCS",21,{"v":110000,"d":"Rp110,000"},{"v":20000,"d":"Rp20,000"},{"$f":"F21+G21","v":{"v":130000,"d":"Rp130,000"}},{"v":2730000,"d":"Rp2,730,000"}]
[null,2,"3m 1/2\" superflexible jumper cable with N-male and 7/16\" DIN-male connector 800-3000 MHz (DM-NM)","PCS",7,{"v":200000,"d":"Rp200,000"},{"v":20000,"d":"Rp20,000"},{"v":220000,"d":"Rp220,000"},{"v":1540000,"d":"Rp1,540,000"}]
[null,"F","FEEDER"]
[null,1,"1/2\" Feeder Cable ","M",149,{"v":29000,"d":"Rp29,000"},{"v":16000,"d":"Rp16,000"},{"$f":"F24+G24","v":{"v":45000,"d":"Rp45,000"}},{"v":6705000,"d":"Rp6,705,000"}]
[null,2,"7/8\" Feeder Cable","M",1759,{"v":65000,"d":"Rp65,000"},{"v":18000,"d":"Rp18,000"},{"v":83000,"d":"Rp83,000"},{"$f":"E25*H25","v":{"v":145997000,"d":"Rp145,997,000"}}]
[null,3,"1 1/4\" Feeder Cable","M",356,{"v":145000,"d":"Rp145,000"},{"v":16500,"d":"Rp16,500"},{"v":161500,"d":"Rp161,500"},{"$f":"E26*H26","v":{"v":57494000,"d":"Rp57,494,000"}}]
[null,"II.","CME"]
[null,"A","GROUNDING KIT"]
[null,1,"Grounding Kit for 1/2\" Feeder Cable (Type KMT)","PCS",3,{"v":110000,"d":"Rp110,000"},{"v":5000,"d":"Rp5,000"},{"$f":"F29+G29","v":{"v":115000,"d":"Rp115,000"}},{"$f":"E29*H29","v":{"v":345000,"d":"Rp345,000"}}]
[null,2,"Grounding Kit for 7/8\" Feeder Cable (Type KMT)","PCS",1,{"v":150000,"d":"Rp150,000"},{"v":5666,"d":"Rp5,666"},{"v":155666,"d":"Rp155,666"},{"$f":"E30*H30","v":{"v":155666,"d":"Rp155,666"}}]
[null,3,"Grounding Kit for 1 1/4\" Feeder Cable (Type KMT)","PCS",3,{"v":175000,"d":"Rp175,000"},{"v":5000,"d":"Rp5,000"},{"v":180000,"d":"Rp180,000"},{"$f":"E31*H31","v":{"v":540000,"d":"Rp540,000"}}]
[null,"B","FEEDER HANGER & CLAMP"]
[null,1,"Clamp for Feeder Cable 1/2\" feeder for Indoor (Stainless Steel)","PCS",50,{"v":8000,"d":"Rp8,000"},{"v":10000,"d":"Rp10,000"},{"$f":"F33+G33","v":{"v":18000,"d":"Rp18,000"}},{"$f":"E33*H33","v":{"v":900000,"d":"Rp900,000"}}]
[null,2,"Clamp for Feeder Cable 7/8\" feeder for Indoor (Stainless Steel)","PCS",586,{"v":10000,"d":"Rp10,000"},{"v":10000,"d":"Rp10,000"},{"v":20000,"d":"Rp20,000"},{"v":11720000,"d":"Rp11,720,000"}]
[null,3,"Clamp for Feeder Cable 1 1/4\" feeder for Indoor (Stainless Steel)","PCS",{"$f":"E26/3","v":{"v":118.66666666666667,"d":"119"}},{"v":15000,"d":"Rp15,000"},{"v":10000,"d":"Rp10,000"},{"v":25000,"d":"Rp25,000"},{"$f":"E35*H35","v":{"v":2966666.666666667,"d":"Rp2,966,667"}}]
[null,4,"Mounting Bracket for Omni Antenna","PCS",19,{"v":125000,"d":"Rp125,000"},{"v":20000,"d":"Rp20,000"},{"v":145000,"d":"Rp145,000"},{"v":2755000,"d":"Rp2,755,000"}]
[null,5,"Mounting Bracket for Splitter","PCS",{"$f":"E10+E11+E12","v":69},{"v":125000,"d":"Rp125,000"},{"v":20000,"d":"Rp20,000"},{"v":145000,"d":"Rp145,000"},{"v":10005000,"d":"Rp10,005,000"}]
[null,6,"MANHOLE Temporary (Pembuatan dan Perapihan)","PCS",35,null,{"v":250000,"d":"Rp250,000"},{"v":250000,"d":"Rp250,000"},{"v":8750000,"d":"Rp8,750,000"}]
[null,7,"MANHOLE Permanen","PCS",15,null,{"v":250000,"d":"Rp250,000"},{"v":250000,"d":"Rp250,000"},{"v":3750000,"d":"Rp3,750,000"}]
[null,8,"Firestop (bongkar Pasang)","LS",1,null,{"v":3000000,"d":"Rp3,000,000"},{"v":3000000,"d":"Rp3,000,000"},{"v":3000000,"d":"Rp3,000,000"}]
[null,9,"MISCELLANEOUS NEW DAS","LS",1,null,{"v":2500000,"d":"Rp2,500,000"},{"v":2500000,"d":"Rp2,500,000"},{"$f":"E41*H41","v":{"v":2500000,"d":"Rp2,500,000"}}]
[null,null,"a. Heatshrink"]
[null,null,"b. Cable Ties"]
[null,null,"c. Tapes"]
[null,null,"d. Adhosive Sealer"]
[null,null,"e. Marking Label (Label Antenna, Spliter & Logo IBS for Antenna & Feeder)"]
[null,"III.","IMPLEMENTATION SERVICES"]
[null,1,"Coordination Fee (building coordination fee, site clearing, surcharge fee, security, etc)","LS",1,0,{"v":5000000,"d":"Rp5,000,000"},{"$f":"F48+G48","v":{"v":5000000,"d":"Rp5,000,000"}},{"$f":"E48*H48","v":{"v":5000000,"d":"Rp5,000,000"}}]
[null,2,"Testing & Commissioning Multi Operator (CDMA 800 MHz - LTE 2390MHz )-untuk Tarikan Baru","LS",1,0,{"v":5000000,"d":"Rp5,000,000"},{"v":5000000,"d":"Rp5,000,000"},{"$f":"E49*H49","v":{"v":5000000,"d":"Rp5,000,000"}},"* 79 tarikan feeder baru"]
[null,3,"Testing & Commissioning Multi Operator (CDMA 800 MHz - LTE 2390MHz )-untuk All Existing Feeder","LS",1,0,{"v":40000000,"d":"Rp40,000,000"},{"v":40000000,"d":"Rp40,000,000"},{"$f":"E50*H50","v":{"v":40000000,"d":"Rp40,000,000"}},"* Include Perbaikan Koneksi (Standar: VSWR <1.3 &  DTF<1.03)"]
[null,null,"- VSWR ALL EXISTING RUN CABLE",{"$nulls":5},{"$f":"E51*H51","v":0},"- 304 tarikan exisiitng"]
[null,null,"- PENGECEKAN & PERBAIKAN SEMUA KONEKSI (exclude material support, jika harus ada yang diganti)"]
[null,4,"As Built Drawing & Reporting (retrofit)","LS",1,0,{"v":3000000,"d":"Rp3,000,000"},{"$f":"F53+G53","v":{"v":3000000,"d":"Rp3,000,000"}},null,"* Update Drawing (penyesuaian) dengan hasil pengecekan (Semua Area)"]
[null,5,"Mobilization: Loading & Unloading (Medan Sumatera Utara)","LS",1,null,{"v":15000000,"d":"Rp15,000,000"},{"v":15000000,"d":"Rp15,000,000"},{"$f":"E54*H54","v":{"v":15000000,"d":"Rp15,000,000"}}]
[{"$nulls":8},{"$f":"SUM(I6:I54)","v":{"v":425303232.6666667,"d":"Rp425,303,233"}}]
[]
[]
[]
[{"$nulls":7},"PER ANTENNA",{"$f":"I55/19","v":{"v":22384380.666666668,"d":"Rp22,384,381"}}]
[]
[]
[{"$nulls":7},{"v":425303233,"d":"425,303,233"},{"$f":"I55-H62","v":{"v":-0.3333333134651184,"d":"-Rp0"}}]

{"sheet":"BoQ Add Material RECTIFIMCP","index":6,"n_rows":26,"n_cols":10,"rows_kept":26,"merged":[[0,1,0,6],[1,1,1,6]]}
[null,"BOQ - ADD MATERIAL RECTIFICATION,MEDAN CENTER POIN 07102024"]
[null,"Date: 07 November 2024"]
[null,"PT. Infrastruktur Bisnis Sejahtera"]
[]
[null,"NO.","ITEM WORK","UoM","Volume","UNIT PRICE MATERIAL","UNIT PRICE JASA","UNIT PRICE MATERIAL+JASA","TOTAL PRICE","REMARKS"]
[null,"I.","RF"]
[null,"D","CONNECTORS (LOW PIM)"]
[null,1,"N-Female connector for 7/8\" feeder cable 800-3000 MHz","PCS",90,{"v":103950,"d":"Rp103,950"},{"v":20000,"d":"Rp20,000"},{"$f":"F8+G8","v":{"v":123950,"d":"Rp123,950"}},{"$f":"E8*H8","v":{"v":11155500,"d":"Rp11,155,500"}}]
[null,2,"N-Female connector for 1 1/4\" feeder cable 800-5000 MHz","PCS",32,{"v":210000,"d":"Rp210,000"},{"v":20000,"d":"Rp20,000"},{"v":230000,"d":"Rp230,000"},{"$f":"E9*H9","v":{"v":7360000,"d":"Rp7,360,000"}}]
[null,"E","JUMPER CABLES (LOW PIM)"]
[null,1,"1m 1/2\" superflexible jumper cable with N-male and N-male connector 800-3000 MHz (NM-NM)","PCS",6,{"v":110000,"d":"Rp110,000"},{"v":20000,"d":"Rp20,000"},{"$f":"F11+G11","v":{"v":130000,"d":"Rp130,000"}},{"$f":"E11*H11","v":{"v":780000,"d":"Rp780,000"}}]
[null,2,"1m 1/2\" superflexible jumper cable with N-male and N-female connector 800-3000 MHz (NM-NF)","PCS",88,{"v":110000,"d":"Rp110,000"},{"v":20000,"d":"Rp20,000"},{"v":130000,"d":"Rp130,000"},{"$f":"E12*H12","v":{"v":11440000,"d":"Rp11,440,000"}}]
[null,"F","FEEDER"]
[null,1,"7/8\" Feeder Cable","M",325,{"v":65000,"d":"Rp65,000"},{"v":18000,"d":"Rp18,000"},{"$f":"F14+G14","v":{"v":83000,"d":"Rp83,000"}},{"$f":"E14*H14","v":{"v":26975000,"d":"Rp26,975,000"}}]
[null,2,"1 1/4\" Feeder Cable","M",924,{"v":145000,"d":"Rp145,000"},{"v":16500,"d":"Rp16,500"},{"v":161500,"d":"Rp161,500"},{"$f":"E15*H15","v":{"v":149226000,"d":"Rp149,226,000"}}]
[null,"II.","CME"]
[null,"B","FEEDER HANGER & CLAMP"]
[null,1,"Clamp for Feeder Cable 7/8\" feeder for Indoor (Stainless Steel)","PCS",{"$f":"E14/3","v":{"v":108.33333333333333,"d":"108"}},{"v":10000,"d":"Rp10,000"},{"v":10000,"d":"Rp10,000"},{"$f":"F18+G18","v":{"v":20000,"d":"Rp20,000"}},{"$f":"E18*H18","v":{"v":2166666.6666666665,"d":"Rp2,166,667"}}]
[null,2,"Clamp for Feeder Cable 1 1/4\" feeder for Indoor (Stainless Steel)","PCS",{"$f":"E15/3","v":308},{"v":15000,"d":"Rp15,000"},{"v":10000,"d":"Rp10,000"},{"v":25000,"d":"Rp25,000"},{"$f":"E19*H19","v":{"v":7700000,"d":"Rp7,700,000"}}]
[null,"III.","IMPLEMENTATION SERVICES"]
[null,1,"Mobilization: Loading & Unloading (Medan Sumatera Utara)","LS",1,null,{"v":15000000,"d":"Rp15,000,000"},{"$f":"F21+G21","v":{"v":15000000,"d":"Rp15,000,000"}},{"$f":"E21*H21","v":{"v":15000000,"d":"Rp15,000,000"}}]
[{"$nulls":8},{"$f":"SUM(I6:I21)","v":{"v":231803166.66666666,"d":"Rp231,803,167"}}]
[]
[]
[]
[{"$nulls":7},"PER ANTENNA",{"$f":"I22/19","v":{"v":12200166.666666666,"d":"Rp12,200,167"}}]